000 00466cam a2200181ua 4500
020 _c1.00
041 _amal
_h
082 _a894.812308
_bMAS/SU
100 _aVenkatesa Aiyankar, Masti .
245 _aSubbanna /
_cMasti Venkatesa Aiyankar.
_hTextual Documents
260 _aThuravoor :
_bSree Narasimha Vilasam Book Depot ,
_c1959.
300 _a105 ; .
365 _a1.00
504 _a
942 _cBK
999 _c11719
_d11719